N° des joueurs de l'OM 2020-2021 - Statistiques

Statistiques générales
  • Ce quiz a été pris 124 fois
  • Le résultat moyen est 9 sur 33
Statistiques - réponses
Joueurs % Correct
10 Dimitri Payet
89%
30 Steve Mandanda
74%
4 Boubacar Kamara
69%
2 Hiroki Sakai
64%
9 Dario Benedetto
60%
26 Florian Thauvin
59%
3 Alvaro Gonzalez
51%
8 Morgan Sanson
49%
21 Valentin Rongier
42%
16 Yohann Pelé
38%
15 Duje Caleta-Car
36%
7 Nemanja Radonjic
33%
5 Leonardo Balerdi
32%
11 Luis Henrique
32%
6 Kevin Strootman
29%
28 Valère Germain
28%
18 Jordan Amavi
25%
1 Simon Ngapandouetnbu
25%
17 Mihaël Cuisance
16%
23 Marley Aké
8%
24 Saif-Eddine Khaoui
8%
32 Lucas Perrin
6%
29 Florian Chabrolle
2%
22 Pape Geye
2%
41 Cheick Souare
1%
39 Jores Rahou
1%
43 Nassim Ahmed
1%
42 Richecard Richard
1%
37 Aaron Kamardin
0%
34 Alexandre Philiponeau
0%
20 Christopher Rocchia
0%
38 Ugo Bertelli
0%
25 Yuto Nagamoto
0%
Aucun quiz correspondant
Distribution des résultats
% des personnes avec chaque résultat
Percentile par nombre de réponses
Votre historique - résultats
Vous n’avez pas pris ce quiz